000 00229nam a2200097Ia 4500
008 120527s9999 xx 000 0 und d
100 _aDavid,cooper.et al.
245 _aGrowing Diversity.
260 _bIT Publication
942 _cBK
999 _c21089
_d21089